Normal view MARC view
  • Osama Imran, Yasir Islam, Hafiz Faisal Naseer

Entry Personal Name

Number of records used in: 7

001 - CONTROL NUMBER

  • control field: 3985

003 - CONTROL NUMBER IDENTIFIER

  • control field: NUST

005 - DATE AND TIME OF LATEST TRANSACTION

  • control field: 20170823110034.0

008 - FIXED-LENGTH DATA ELEMENTS

  • fixed length control field: 170823|| aca||aabn | a|a d

040 ## - CATALOGING SOURCE

  • Original cataloging agency: NUST
  • Transcribing agency: NUST

100 ## - HEADING--PERSONAL NAME

  • Personal name: Osama Imran, Yasir Islam, Hafiz Faisal Naseer

670 ## - SOURCE DATA FOUND

  • Source citation: Work cat.: (NUST): Osama Imran, Yasir Islam, Hafiz Faisal Naseer, Automated multi-storied car parking system, 2017
© 2023 Central Library, National University of Sciences and Technology. All Rights Reserved.